[Event "Baden-ch U2000"]
[Site "Walldorf"]
[Date "2017.07.27"]
[Round "2"]
[White "Prill, Gerhard"]
[Black "Holzwarth, Patrick"]
[Result "1/2-1/2"]
[WhiteElo "1960"]
[BlackElo "1962"]
[PlyCount "59"]
[EventDate "2017.07.26"]
[EventType "swiss"]
[EventRounds "7"]
[EventCountry "GER"]
[SourceTitle "EXT 2018"]
[Source "ChessBase"]
[SourceDate "2017.10.13"]
[SourceVersion "1"]
[SourceVersionDate "2017.10.13"]
[SourceQuality "1"]

1. e4 c5 2. Nf3 d6 3. c4 Nc6 4. Nc3 e6 5. d4 cxd4 6. Nxd4 a6 7. Be3 Qc7 8. Rc1 Nf6 9. Be2 Be7 10. 0-0 0-0 11. Qd2 b6 12. f3 Bd7 13. Rfd1 Rfd8 14. Bf1 Rac8 15. Qf2 Rb8 16. Rc2 Ne5 17. b3 Qb7 18. h3 Be8 19. Rdc1 Nc6 20. Kh1 Nxd4 21. Bxd4 Bc6 22. a4 a5 23. Qg3 Kh8 24. e5 dxe5 25. Bxe5 Rbc8 26. Be2 Rd7 27. Rd1 Rcd8 28. Rxd7 Rxd7 29. Qe1 Qc8 30. Qf2 1/2-1/2

[Event "St Leon Rot op"]
[Site "St Leon Rot"]
[Date "2011.12.30"]
[Round "7"]
[White "Holzwarth, Patrick"]
[Black "Bernhard, Sebastian"]
[Result "0-1"]
[WhiteElo "2042"]
[BlackElo "1888"]
[PlyCount "66"]
[EventDate "2011.12.27"]
[EventType "swiss"]
[EventRounds "7"]
[EventCountry "GER"]
[SourceTitle "CBM 146 Extra"]
[Source "ChessBase"]
[SourceDate "2012.02.29"]
[SourceVersion "1"]
[SourceVersionDate "2012.02.29"]
[SourceQuality "1"]

1. e4 c5 2. Nf3 d6 3. d4 cxd4 4. Nxd4 Nf6 5. Nc3 Nc6 6. Bg5 e6 7. Qd2 a6 8. 0-0-0 h6 9. Bxf6 Qxf6 10. f3 Qd8 11. Kb1 Be7 12. g4 Qc7 13. h4 Bd7 14. Be2 Ne5 15. f4 Nc4 16. Bxc4 Qxc4 17. g5 b5 18. Nce2 Rc8 19. Rh3 b4 20. b3 Qc5 21. Rf3 hxg5 22. hxg5 Rh2 23. Rdf1 a5 24. f5 e5 25. f6 gxf6 26. gxf6 exd4 27. fxe7 Be6 28. Rd3 Kxe7 29. Rxd4 Rxe2 30. Qxe2 Qxd4 31. Qf3 Rc3 32. Qf4 Qe5 33. Qh6 Qxe4 0-1